[Event "Werther Schloss op-B 11th"]
[Site "Werther"]
[Date "2005.03.20"]
[Round "5"]
[White "Hertel, Holger"]
[Black "Weng, Sebastian"]
[Result "1/2-1/2"]
[WhiteElo "1852"]
[BlackElo "1742"]
[PlyCount "71"]
[EventDate "2005.03.18"]
[EventType "swiss"]
[EventRounds "5"]
[EventCountry "GER"]
[SourceTitle "EXT 2006"]
[Source "ChessBase"]
[SourceDate "2005.11.24"]
[SourceVersion "1"]
[SourceVersionDate "2005.11.24"]
[SourceQuality "1"]

1. e4 e6 2. d4 d5 3. Nd2 c5 4. Bb5+ Bd7 5. Bxd7+ Qxd7 6. dxc5 Bxc5 7. exd5 Qxd5 8. Ngf3 Nf6 9. 0-0 0-0 10. Nb3 Bb6 11. Bg5 Qxd1 12. Raxd1 Nbd7 13. Rd3 h6 14. Be3 Bxe3 15. Rxe3 Rac8 16. c3 b6 17. Rd1 Nc5 18. Nxc5 Rxc5 19. Red3 Nd5 20. g3 Rfc8 21. Kf1 Kf8 22. Nd4 Nf6 23. f3 Ke8 24. Kf2 Nd5 25. Nb3 R5c6 26. Nd4 Rc5 27. Nf5 Kf8 28. Ne3 Nxe3 29. Kxe3 R5c7 30. Rd8+ Ke7 31. Rxc8 Rxc8 32. Rd4 Rc5 33. Ra4 a5 34. Rd4 g6 35. f4 f6 36. g4 1/2-1/2